[Event "39th Pan-American U20"]
[Site "Asuncion PAR"]
[Date "2014.06.25"]
[Round "6.2"]
[White "Diaz Rosas, Julio Cesar"]
[Black "Henriquez Villagra, Cristobal"]
[Result "0-1"]
[WhiteElo "2290"]
[BlackElo "2459"]
[EventDate "2014.06.21"]
[PlyCount "82"]

1.d4 Nf6 2.c4 e6 3.Nf3 Bb4+ 4.Bd2 Qe7 5.g3 Nc6 6.Bg2 Bxd2+ 7.Qxd2 Ne4 8.
Qc2 Qb4+ 9.Nbd2 Nxd2 10.Qxd2 Qxc4 11.O-O Qb4 12.Qf4 Qd6 13.Qxd6 cxd6 14.d5
Nb4 15.Nd4 Ke7 16.Rfd1 a5 17.a3 Na6 18.b4 g6 19.Nb3 a4 20.Na5 Nc7 21.dxe6 
fxe6 22.Rdc1 Nb5 23.Nxb7 Nd4 24.Ra2 d5 25.Nc5 d6 26.Nd3 Ba6 27.Rc7+ Kf6 
28.e3 Bxd3 29.exd4 Rhc8 30.Rxc8 Rxc8 31.Ra1 Rc4 32.f4 Bf5 33.Bf1 Rxd4 34.
Rc1 Rd2 35.Bb5 Be4 36.Rc7 Rg2+ 37.Kf1 Rxh2 38.Bxa4 d4 39.Be8 Kf5 40.Rf7+ 
Kg4 41.Rf6 Kf3 0-1

[Event "39th Pan-American U20"]
[Site "Asuncion PAR"]
[Date "2014.06.25"]
[Round "6.3"]
[White "Villalba, Marcelo"]
[Black "Leiva, Giuseppe"]
[Result "0-1"]
[WhiteElo "2195"]
[BlackElo "2405"]
[EventDate "2014.06.21"]
[PlyCount "88"]

1.Nf3 Nf6 2.c4 b6 3.g3 Bb7 4.Bg2 c5 5.O-O g6 6.b3 Bg7 7.Bb2 O-O 8.Nc3 d6 
9.d4 cxd4 10.Qxd4 Nbd7 11.Qd2 Rc8 12.Ne1 Qc7 13.Nd5 Nxd5 14.Bxg7 Kxg7 15.
Bxd5 Bxd5 16.Qxd5 Nf6 17.Qd3 Rfd8 18.e4 e6 19.Ng2 d5 20.exd5 exd5 21.Ne3 
dxc4 22.Qxc4 Qxc4 23.Nxc4 b5 24.Ne3 Ne4 25.Rfd1 Nc3 26.Rxd8 Rxd8 27.a4 b4 
28.Nc2 a5 29.Ne3 Rd4 30.Nc4 Rxc4 31.bxc4 Kf6 32.Re1 Nxa4 33.f4 b3 34.Ra1 
Nc3 35.Rxa5 b2 36.Ra6+ Ke7 37.Rb6 b1=Q+ 38.Rxb1 Nxb1 39.Kg2 Nd2 40.c5 Ne4 
41.c6 Kd6 42.Kf3 Nf6 43.f5 g5 44.h4 h6 0-1

[Event "39th Pan-American U20"]
[Site "Asuncion PAR"]
[Date "2014.06.25"]
[Round "6.4"]
[White "Bueno Gauna, Cristian Alejandr"]
[Black "Vazquez, Guillermo"]
[Result "1/2-1/2"]
[WhiteElo "2052"]
[BlackElo "2330"]
[EventDate "2014.06.21"]
[PlyCount "101"]

1.e4 c5 2.Nf3 e6 3.d3 Nc6 4.g3 g6 5.Bg2 Bg7 6.c3 Nge7 7.O-O d6 8.Re1 O-O 
9.a4 e5 10.Be3 h6 11.Qd2 Kh7 12.Na3 f5 13.h4 Be6 14.Nc2 Rc8 15.Bg5 f4 16.
Kh2 Bg4 17.Bxe7 Qxe7 18.Rf1 g5 19.hxg5 hxg5 20.Rh1 Kg6 21.gxf4 Rh8+ 22.Kg1
Rxh1+ 23.Bxh1 exf4 24.d4 Rh8 25.Bg2 Bc8 26.d5 Ne5 27.Nxe5+ Bxe5 28.Ne1 g4 
29.f3 g3 30.Nd3 Qh4 31.Rc1 Qh2+ 32.Kf1 Bh3 33.Nxf4+ Bxf4 34.Qxf4 Bxg2+ 35.
Ke1 Qg1+ 36.Kd2 Qf2+ 37.Kd3 Bf1+ 38.Rxf1 Qxf1+ 39.Kc2 Rh2+ 40.Kb3 c4+ 41.
Kb4 Rxb2+ 42.Ka5 Qh3 43.Qxd6+ Kf7 44.Qc7+ Ke8 45.Qe5+ Kd7 46.Qg7+ Kc8 47.
Qf8+ Kc7 48.Qf4+ Kd7 49.Qf7+ Kd8 50.Qf8+ Kc7 51.Qf4+ 1/2-1/2

[Event "39th Pan-American U20"]
[Site "Asuncion PAR"]
[Date "2014.06.25"]
[Round "6.5"]
[White "Cori Quispe, Kevin"]
[Black "Carneiro, Vitor Roberto Castr"]
[Result "1-0"]
[WhiteElo "2211"]
[BlackElo "2245"]
[EventDate "2014.06.21"]
[PlyCount "77"]

1.c4 Nf6 2.Nf3 g6 3.g3 Bg7 4.Bg2 O-O 5.O-O d5 6.d4 dxc4 7.Na3 c3 8.bxc3 c5
9.e3 Nc6 10.Qe2 Qa5 11.Bb2 Rd8 12.Rfd1 cxd4 13.exd4 Bf5 14.c4 e6 15.Nc2 
Be4 16.Ne3 Qa6 17.Rd2 Rac8 18.Rad1 Na5 19.Bf1 b6 20.d5 exd5 21.cxd5 Qxe2 
22.Bxe2 h6 23.Ne5 g5 24.f3 Bh7 25.Kf2 Rc5 26.Ba3 Rc7 27.d6 Rb7 28.Ba6 Rbb8
29.d7 Ne4+ 30.fxe4 Bxe5 31.Ng4 Bg7 32.Bd6 Ra8 33.Be7 Bxe4 34.Nf6+ Bxf6 35.
Bxf6 Bc6 36.Rd6 Bb7 37.Bxb7 Nxb7 38.Bxd8 Rxd8 39.Rxh6 1-0

[Event "39th Pan-American U20"]
[Site "Asuncion PAR"]
[Date "2014.06.25"]
[Round "6.6"]
[White "Queiroz, Alberto Becker"]
[Black "Arias, Daniel"]
[Result "1-0"]
[WhiteElo "2136"]
[BlackElo "2196"]
[EventDate "2014.06.21"]
[PlyCount "73"]

1.e4 c5 2.Nf3 d6 3.Bb5+ Nd7 4.d4 cxd4 5.Qxd4 a6 6.Bxd7+ Bxd7 7.c4 b5 8.Nc3
Rc8 9.cxb5 axb5 10.O-O h6 11.e5 Bc6 12.Rd1 Qd7 13.exd6 Qxd6 14.Ne5 b4 15.
Qg4 Qe6 16.Qxe6 fxe6 17.Ne2 g5 18.Ng6 Rh7 19.Nxf8 Kxf8 20.Rd4 Rb8 21.Bd2 
b3 22.axb3 Rxb3 23.Rd8+ Kf7 24.Nd4 Rb6 25.Ba5 Ra6 26.b4 Bd5 27.b5 Ra8 28.
Rxa8 Bxa8 29.Bb4 Bd5 30.Ra7 Kf6 31.b6 e5 32.Ne2 Rf7 33.Nc3 Bc6 34.Rc7 Ba8 
35.Rc8 Bb7 36.Rxg8 e6 37.Rf8 1-0

[Event "39th Pan-American U20"]
[Site "Asuncion PAR"]
[Date "2014.06.25"]
[Round "6.7"]
[White "Squella Lavin, Carlos Felipe"]
[Black "Beroiz, Julian"]
[Result "1-0"]
[WhiteElo "2136"]
[BlackElo "1895"]
[EventDate "2014.06.21"]
[PlyCount "93"]

1.d4 Nf6 2.c4 e6 3.Nc3 d5 4.cxd5 exd5 5.Bg5 Be7 6.e3 O-O 7.Bd3 c6 8.Nge2 
Re8 9.O-O Nbd7 10.Rb1 Ne4 11.Bxe7 Qxe7 12.Bxe4 dxe4 13.Ng3 Qh4 14.f3 Nf6 
15.Ngxe4 Nxe4 16.fxe4 Rxe4 17.Nxe4 Qxe4 18.Qf3 f5 19.Qxe4 fxe4 20.d5 Bd7 
21.dxc6 Bxc6 22.Rfd1 h6 23.Rd2 Re8 24.Rbd1 Re5 25.Rd4 Rc5 26.R1d2 Rf5 27.
Rf2 Rc5 28.h4 h5 29.Kh2 Rc1 30.Rf5 Re1 31.Rd8+ Kh7 32.Rxh5+ Kg6 33.Rg5+ 
Kf7 34.Rg3 Re2 35.Rc8 g6 36.Rh8 Rxb2 37.Rh6 Rxa2 38.Rhxg6 Ra5 39.R3g5 Rxg5
40.Rxg5 b5 41.Rc5 Be8 42.Rc7+ Ke6 43.Rxa7 Ke5 44.g4 b4 45.h5 b3 46.h6 Bg6 
47.Rb7 1-0

[Event "39th Pan-American U20"]
[Site "Asuncion PAR"]
[Date "2014.06.25"]
[Round "6.8"]
[White "Mendoza, Rodrigo"]
[Black "Barros Rivadeneira, Cristhian"]
[Result "0-1"]
[WhiteElo "2155"]
[BlackElo "2323"]
[EventDate "2014.06.21"]
[PlyCount "92"]

1.d4 Nf6 2.Nf3 g6 3.g3 Bg7 4.Bg2 O-O 5.O-O d6 6.c4 Nc6 7.Nc3 a6 8.h3 Rb8 
9.a3 Na5 10.Qa4 b6 11.Nd2 c5 12.dxc5 dxc5 13.Rd1 Bd7 14.Qc2 Qc8 15.Kh2 b5 
16.Nd5 Nxd5 17.cxd5 c4 18.Rb1 Rd8 19.Ne4 Nb3 20.Bf4 Bf5 21.g4 Bxe4 22.Qxe4
Rb7 23.d6 Nc5 24.dxe7 Re8 25.Qc6 Rbxe7 26.Bd6 Be5+ 27.Bxe5 Rxe5 28.Qxc8 
Rxc8 29.Bf3 Kf8 30.Rd6 Ke7 31.Rbd1 Rc7 32.Rd8 Rd7 33.R1xd7+ Nxd7 34.Ra8 
Nc5 35.Ra7+ Kf8 36.Ra8+ Re8 37.Ra7 Re5 38.Kg3 Re7 39.Ra8+ Kg7 40.Kf4 Rd7 
41.Ke3 Rd6 42.Ra7 Na4 43.Ke4 Nxb2 44.Ke5 c3 45.Kxd6 c2 46.Bd5 Nc4+ 0-1

[Event "39th Pan-American U20"]
[Site "Asuncion PAR"]
[Date "2014.06.25"]
[Round "6.9"]
[White "Crespo Hidalgo, Carlos"]
[Black "Aizpurua, Patrick"]
[Result "1-0"]
[WhiteElo "2172"]
[BlackElo "2178"]
[EventDate "2014.06.21"]
[PlyCount "117"]

1.d4 Nf6 2.c4 e6 3.Nc3 Bb4 4.Qc2 O-O 5.Bg5 d6 6.a3 Bxc3+ 7.Qxc3 Nc6 8.Nf3 
Re8 9.e3 e5 10.d5 Nb8 11.Nd2 Nbd7 12.f3 Qe7 13.e4 c6 14.Be3 Nf8 15.Bd3 Bd7
16.O-O Rec8 17.Qb3 a5 18.a4 Be8 19.Rfc1 c5 20.Qc2 Nh5 21.g3 Bd7 22.Rf1 Nf6
23.Nb1 h5 24.Nc3 h4 25.gxh4 Nh5 26.Bg5 f6 27.Be3 Ng6 28.Kh1 Nxh4 29.Ne2 g5
30.Ng3 Qh7 31.Kg1 Bh3 32.Rf2 Nf4 33.Bf1 Bd7 34.Qb3 Be8 35.Qb6 Ra6 36.Qb3 
Rc7 37.Qc2 Rg7 38.Ra3 Bh5 39.Bc1 Be8 40.Bd2 Qg6 41.Rc3 Nh5 42.Bh3 Nf4 43.
Bg4 Bd7 44.Bxd7 Rxd7 45.Kf1 Rg7 46.Qc1 Qe8 47.Re3 Qc8 48.Ke1 Qh3 49.Kd1 
Nhg2 50.Kc2 Qxh2 51.Nf5 Rh7 52.Ra3 Rf7 53.Rc3 Rd7 54.Ra3 Rh7 55.Bxf4 gxf4 
56.Qf1 Qh1 57.Qxg2+ Qxg2 58.Rxg2+ Kf8 59.Rb3 1-0

[Event "39th Pan-American U20"]
[Site "Asuncion PAR"]
[Date "2014.06.25"]
[Round "6.10"]
[White "Avalos, Mathias"]
[Black "Heinechen, Juan"]
[Result "1/2-1/2"]
[WhiteElo "1637"]
[BlackElo "1767"]
[EventDate "2014.06.21"]
[PlyCount "92"]

1.d4 d5 2.c4 c6 3.Nc3 Nf6 4.cxd5 cxd5 5.Nf3 Nc6 6.Bf4 e6 7.e3 a6 8.Be2 Bd6
9.Bxd6 Qxd6 10.O-O O-O 11.a3 b5 12.b4 Bb7 13.Nd2 Rac8 14.Rc1 Ne7 15.Nb3 e5
16.dxe5 Qxe5 17.Nc5 Ba8 18.Qd4 Qd6 19.N3e4 Nxe4 20.Nxe4 Qg6 21.Nc5 Rfd8 
22.Qg4 Qh6 23.Bf3 Rc6 24.Qh5 Qf6 25.Rc2 Rcd6 26.Rd1 Ng6 27.Rcd2 Ne5 28.e4 
d4 29.Nb3 g6 30.Qh3 Nc4 31.Rd3 Nb2 32.Qg3 Nxd3 33.Rxd3 Re6 34.Nc5 Re5 35.
Nxa6 Rg5 36.Qc7 Re8 37.Nc5 Rge5 38.Nd7 Qe7 39.Qxe5 Qxd7 40.Qxd4 Qe7 41.h3 
Bxe4 42.Bxe4 Qxe4 43.Qxe4 Rxe4 44.Rd5 Re1+ 45.Kh2 Ra1 46.Rxb5 Rxa3 1/2-1/2

[Event "39th Pan-American U20"]
[Site "Asuncion PAR"]
[Date "2014.06.25"]
[Round "6.11"]
[White "Benitez Galeano, Alejandro"]
[Black "Cantero, Rodolfo"]
[Result "1/2-1/2"]
[WhiteElo "1654"]
[BlackElo "1722"]
[EventDate "2014.06.21"]
[PlyCount "174"]

1.e4 c5 2.c3 d5 3.exd5 Qxd5 4.Nf3 e6 5.d4 Nf6 6.Na3 Be7 7.Be2 O-O 8.O-O 
Nc6 9.Nc2 cxd4 10.Ncxd4 Nxd4 11.Qxd4 Qxd4 12.Nxd4 Bd7 13.Bf3 e5 14.Nb3 e4 
15.Be2 Rad8 16.Bg5 h6 17.Bh4 g5 18.Bg3 Bf5 19.Rfd1 Bg6 20.Na5 Nh5 21.Be5 
f6 22.Bd4 Nf4 23.Bf1 Nd3 24.Bxd3 exd3 25.Nb3 b6 26.Rd2 Bd6 27.Be3 Bb8 28.
Rad1 Rd7 29.Nc1 Rfd8 30.f3 Re8 31.Bd4 Bf4 32.Nxd3 Bxd2 33.Rxd2 Bxd3 34.
Rxd3 Re2 35.b4 Rxa2 36.Re3 Kg7 37.Re6 Rf7 38.h3 b5 39.Kf1 a5 40.Rb6 axb4 
41.cxb4 Rc2 42.Kg1 Rd2 43.Bc3 Rd5 44.Kf2 h5 45.Ke3 Re7+ 46.Kf2 Rf5 47.g4 
hxg4 48.hxg4 Rf4 49.Rxb5 Re6 50.Rxg5+ Kf7 51.Rc5 Ree4 52.Bd2 Rxb4 53.Bxf4 
Rxf4 54.Kg3 Ra4 55.Rf5 Kg6 56.Rd5 Ra8 57.Rd6 Ra3 58.Kf4 Ra4+ 59.Ke3 Ra3+ 
60.Ke4 Ra4+ 61.Ke3 Ra3+ 62.Kf2 Ra2+ 63.Kg3 Ra3 64.Rb6 Rc3 65.Kf4 Ra3 66.
Rb5 Ra4+ 67.Kg3 Ra3 68.Rf5 Rb3 69.Kh4 Rb1 70.f4 Rh1+ 71.Kg3 Rg1+ 72.Kf3 
Rf1+ 73.Kg2 Ra1 74.Rd5 Ra6 75.Kg3 Rb6 76.Rd8 Kg7 77.Rd7+ Kg6 78.Kh4 Ra6 
79.Rd8 Rb6 80.f5+ Kg7 81.Kh5 Rb7 82.Rd4 Ra7 83.Kh4 Kh6 84.Rd8 Kg7 85.Kg3 
Ra3+ 86.Kf4 Ra4+ 87.Kf3 Ra3+ 1/2-1/2

[Event "39th Pan-American U20"]
[Site "Asuncion PAR"]
[Date "2014.06.26"]
[Round "7.1"]
[White "Henriquez Villagra, Cristobal"]
[Black "Principe, Alexander"]
[Result "1-0"]
[WhiteElo "2459"]
[BlackElo "2250"]
[EventDate "2014.06.21"]
[PlyCount "83"]

1.d4 Nf6 2.c4 g6 3.g3 Bg7 4.Bg2 O-O 5.Nc3 d6 6.Nf3 c6 7.O-O Qa5 8.h3 Nbd7 
9.Bd2 Re8 10.e4 Qc7 11.Be3 e5 12.d5 Nc5 13.Nd2 a5 14.a3 cxd5 15.cxd5 Bd7 
16.a4 Rec8 17.Qe2 Qb6 18.Nb5 Bxb5 19.axb5 Nfd7 20.Ra3 f5 21.Rfa1 Qd8 22.
Nc4 Nf6 23.exf5 gxf5 24.Nxa5 Qd7 25.Kh2 h5 26.Bxc5 dxc5 27.Nc4 Rxa3 28.
Nxe5 Qd6 29.Nc4 Re8 30.Qc2 Qd7 31.Rxa3 Nxd5 32.Qd1 Bd4 33.Qxh5 Nf6 34.Qg6+
Kf8 35.Rf3 Qe6 36.b3 Re7 37.Qxf5 Qe1 38.Ne3 Rf7 39.Qc8+ Kg7 40.Nf5+ Kh7 
41.Nxd4 cxd4 42.Qf5+ 1-0

[Event "39th Pan-American U20"]
[Site "Asuncion PAR"]
[Date "2014.06.26"]
[Round "7.2"]
[White "Blandon Villa, Diego F"]
[Black "Leiva, Giuseppe"]
[Result "1-0"]
[WhiteElo "2220"]
[BlackElo "2405"]
[EventDate "2014.06.21"]
[PlyCount "111"]

1.e4 c6 2.d4 d5 3.e5 Bf5 4.Nc3 h5 5.Nf3 e6 6.Be2 Nd7 7.Be3 Bg6 8.a4 Nh6 9.
O-O Nf5 10.Bg5 Qc7 11.Bd3 c5 12.Nb5 Qb8 13.c4 a6 14.cxd5 axb5 15.dxe6 fxe6
16.Bxb5 Qc7 17.dxc5 Ne7 18.Qd6 Qxd6 19.exd6 Nc6 20.Bxc6 bxc6 21.b4 Be4 22.
Nd4 Kf7 23.Rfc1 g6 24.Be3 Bg7 25.f3 Bd5 26.a5 Rhb8 27.Rab1 Ne5 28.b5 Nc4 
29.Nxc6 Rxb5 30.Rxb5 Bxc6 31.Rb6 Nxa5 32.Bd2 Bd4+ 33.Kf1 Bd5 34.d7 Nc4 35.
Bg5 Bxc5 36.Ra6 Be3 37.Bxe3 Nxe3+ 38.Ke2 Rd8 39.Kxe3 Rxd7 40.Rca1 Kf6 41.
Ra7 Rd8 42.Rc7 Rb8 43.Rd1 Rb2 44.Rd2 Rb1 45.h4 Rb4 46.Rd4 Rb2 47.Rf4+ Ke5 
48.Rff7 Rb3+ 49.Kf2 Rb2+ 50.Kg3 Rb3 51.Rf4 Rb2 52.Rcf7 Bc6 53.R4f6 Be8 54.
Rf8 Rb3 55.Kh2 Bc6 56.Rxg6 1-0

[Event "39th Pan-American U20"]
[Site "Asuncion PAR"]
[Date "2014.06.26"]
[Round "7.3"]
[White "Vazquez, Guillermo"]
[Black "Queiroz, Alberto Becker"]
[Result "1-0"]
[WhiteElo "2330"]
[BlackElo "2136"]
[EventDate "2014.06.21"]
[PlyCount "63"]

1.e4 c6 2.d4 d5 3.e5 Bf5 4.Be3 e6 5.Nd2 h5 6.Ngf3 h4 7.c4 Na6 8.Qb3 Qb6 9.
a3 dxc4 10.Qc3 Qd8 11.Nxc4 Nc7 12.Bg5 Qd5 13.Ne3 Qd7 14.Nxf5 exf5 15.Bxh4 
Ne6 16.O-O-O Rh5 17.d5 cxd5 18.Qb3 a6 19.Rxd5 Qc6+ 20.Kb1 g5 21.Bxg5 Nxg5 
22.Nd4 Qc7 23.Bb5+ axb5 24.Qxb5+ Ke7 25.Nxf5+ Ke6 26.Nd4+ Ke7 27.Rc1 Qxc1+
28.Kxc1 Rc8+ 29.Kb1 Rc7 30.e6 Nxe6 31.Rxh5 Nxd4 32.Qb4+ 1-0

[Event "39th Pan-American U20"]
[Site "Asuncion PAR"]
[Date "2014.06.26"]
[Round "7.4"]
[White "Bueno Gauna, Cristian Alejandr"]
[Black "Diaz Rosas, Julio Cesar"]
[Result "0-1"]
[WhiteElo "2052"]
[BlackElo "2290"]
[EventDate "2014.06.21"]
[PlyCount "133"]

1.e4 e5 2.Nf3 Nc6 3.Bb5 Nf6 4.d3 Bc5 5.Bxc6 dxc6 6.Nbd2 Be6 7.O-O Nd7 8.
Nb3 Bb6 9.Ng5 Nf8 10.Nxe6 Nxe6 11.a4 a6 12.Qh5 Qd6 13.Be3 g6 14.Qh4 Qe7 
15.Qxe7+ Kxe7 16.a5 Bxe3 17.fxe3 h5 18.Nd2 h4 19.h3 f6 20.Rf2 b5 21.Raf1 
Raf8 22.Nf3 c5 23.Nh2 Ng7 24.Nf3 Rh5 25.d4 cxd4 26.exd4 exd4 27.Nxd4 Rc5 
28.e5 f5 29.Nf3 Rc4 30.Rd1 Ne6 31.b3 Re4 32.Rfd2 Rd8 33.Rxd8 Nxd8 34.Rd4 
Rxd4 35.Nxd4 c5 36.Nf3 Nf7 37.Nxh4 Nxe5 38.Kf2 Kf6 39.Ke3 Nc6 40.Nf3 Nxa5 
41.Ne1 c4 42.b4 Nc6 43.c3 Ne5 44.Kd4 Ke6 45.g3 Kd6 46.h4 Nc6+ 47.Ke3 Ne7 
48.Kf4 Ke6 49.Ke3 Nd5+ 50.Kd4 Nf6 51.Ng2 Nh5 52.Nf4+ Nxf4 53.gxf4 Kd6 54.
Ke3 Kd5 55.Kf3 Kc6 56.Ke3 Kb6 57.Kd4 a5 58.bxa5+ Kxa5 59.Ke5 b4 60.cxb4+ 
Kxb4 61.Kf6 c3 62.Kxg6 c2 63.h5 c1=Q 64.h6 Qxf4 65.h7 Qg4+ 66.Kf7 Qh5+ 67.
Kg8 0-1

[Event "39th Pan-American U20"]
[Site "Asuncion PAR"]
[Date "2014.06.26"]
[Round "7.5"]
[White "Squella Lavin, Carlos Felipe"]
[Black "Cori Quispe, Kevin"]
[Result "1/2-1/2"]
[WhiteElo "2136"]
[BlackElo "2211"]
[EventDate "2014.06.21"]
[PlyCount "54"]

1.d4 Nf6 2.c4 e6 3.Nc3 Bb4 4.Bg5 c5 5.a3 Bxc3+ 6.bxc3 Qa5 7.Bd2 Ne4 8.Qc2 
Nxd2 9.Qxd2 O-O 10.e3 d6 11.Bd3 Nc6 12.f4 Qc7 13.Nf3 Re8 14.e4 cxd4 15.
cxd4 e5 16.fxe5 dxe5 17.d5 Na5 18.Qb4 b6 19.Nd2 Ba6 20.O-O Rac8 21.Rac1 
Red8 22.Rc2 Qd7 23.Be2 Rc5 24.Nb3 Nxb3 25.Qxb3 Rdc8 26.Qg3 Qc7 27.Rf5 Bxc4
1/2-1/2

[Event "39th Pan-American U20"]
[Site "Asuncion PAR"]
[Date "2014.06.26"]
[Round "7.6"]
[White "Barros Rivadeneira, Cristhian"]
[Black "Villalba, Marcelo"]
[Result "1/2-1/2"]
[WhiteElo "2323"]
[BlackElo "2195"]
[EventDate "2014.06.21"]
[PlyCount "32"]

1.e4 e6 2.d4 d5 3.Nc3 Bb4 4.e5 b6 5.Qg4 Bf8 6.Nf3 Qd7 7.a4 Ba6 8.a5 Bxf1 
9.Kxf1 b5 10.Ne1 Na6 11.Qe2 Rb8 12.Nd3 Ne7 13.g4 h5 14.f3 hxg4 15.fxg4 Ng6
16.Be3 Be7 1/2-1/2

[Event "39th Pan-American U20"]
[Site "Asuncion PAR"]
[Date "2014.06.26"]
[Round "7.7"]
[White "Carneiro, Vitor Roberto Castr"]
[Black "Crespo Hidalgo, Carlos"]
[Result "1/2-1/2"]
[WhiteElo "2245"]
[BlackElo "2172"]
[EventDate "2014.06.21"]
[PlyCount "84"]

1.e4 c6 2.d4 d5 3.f3 e6 4.Nc3 b6 5.Be3 Ba6 6.Bxa6 Nxa6 7.Nge2 Nf6 8.Qd2 
Be7 9.O-O-O Qc7 10.e5 Nd7 11.f4 b5 12.f5 exf5 13.Rdf1 Nb6 14.Bg5 g6 15.g4 
fxg4 16.Qf4 Bxg5 17.Qxg5 Qe7 18.Qxg4 h5 19.Qf4 Nc7 20.Qf6 Qxf6 21.Rxf6 Ne6
22.Rhf1 O-O 23.R6f3 Nd7 24.a4 a6 25.Na2 c5 26.c3 Rac8 27.Kb1 cxd4 28.cxd4 
bxa4 29.Nac3 Nb6 30.Rf6 Rb8 31.Rd1 Nd7 32.Rf2 Nb6 33.Rf6 Nd7 34.Nxd5 Nxf6 
35.Nxf6+ Kg7 36.Nd7 Rbd8 37.Nxf8 Kxf8 38.Rd2 Rd5 39.Ka2 Ke7 40.Ka3 f6 41.
exf6+ Kxf6 42.Kxa4 g5 1/2-1/2

[Event "39th Pan-American U20"]
[Site "Asuncion PAR"]
[Date "2014.06.26"]
[Round "7.8"]
[White "Cantero, Rodolfo"]
[Black "Arias, Daniel"]
[Result "0-1"]
[WhiteElo "1722"]
[BlackElo "2196"]
[EventDate "2014.06.21"]
[PlyCount "74"]

1.e4 c5 2.Nf3 d6 3.d4 cxd4 4.Nxd4 Nf6 5.Nc3 a6 6.Be3 e5 7.Nb3 Be6 8.f3 h5 
9.Be2 Nbd7 10.O-O Rc8 11.Qd2 Be7 12.Rad1 O-O 13.Bg5 b5 14.a3 Qc7 15.Nc1 
Rfe8 16.Bd3 Nb6 17.N1e2 Nc4 18.Qc1 a5 19.Rfe1 b4 20.axb4 axb4 21.Nb1 d5 
22.Bxf6 Bxf6 23.exd5 Bxd5 24.b3 Qb6+ 25.Kh1 Ne3 26.Rd2 h4 27.Ng1 Bxb3 28.
Rde2 Nxc2 29.Bxc2 Bxc2 30.Nd2 Qb5 31.Qa1 e4 32.Qa7 exf3 33.Ndxf3 Rxe2 34.
Rxe2 b3 35.Qf2 b2 36.Rxc2 Rxc2 37.Qxc2 b1=Q 0-1

[Event "39th Pan-American U20"]
[Site "Asuncion PAR"]
[Date "2014.06.26"]
[Round "7.9"]
[White "Beroiz, Julian"]
[Black "Mendoza, Rodrigo"]
[Result "0-1"]
[WhiteElo "1895"]
[BlackElo "2155"]
[EventDate "2014.06.21"]
[PlyCount "76"]

1.e4 c6 2.d4 d5 3.exd5 cxd5 4.c4 Nf6 5.Nc3 Nc6 6.Nf3 e6 7.cxd5 Nxd5 8.Bc4 
Be7 9.O-O O-O 10.Re1 Bf6 11.Ne4 Be7 12.Nc3 a6 13.Bb3 Na5 14.Bc2 b5 15.a3 
Bb7 16.Ne5 Nf6 17.Bg5 Rc8 18.Qd3 g6 19.Bh6 Re8 20.Qh3 Qb6 21.Bg5 Nh5 22.
Bxe7 Rxe7 23.Qh4 Rec7 24.Be4 Kg7 25.Bxb7 Rxb7 26.g4 Nf6 27.g5 Nh5 28.d5 
Nc4 29.dxe6 Qxe6 30.Nd3 Qf5 31.Ne4 Rd7 32.Ndc5 Ne5 33.Re3 Rd5 34.Kh1 Nf3 
35.Rxf3 Qxf3+ 36.Kg1 Rcxc5 37.Nxc5 Rxc5 38.Re1 Rc4 0-1

[Event "39th Pan-American U20"]
[Site "Asuncion PAR"]
[Date "2014.06.26"]
[Round "7.10"]
[White "Aizpurua, Patrick"]
[Black "Avalos, Mathias"]
[Result "1-0"]
[WhiteElo "2178"]
[BlackElo "1637"]
[EventDate "2014.06.21"]
[PlyCount "103"]

1.c4 c5 2.Nc3 Nc6 3.g3 e5 4.Bg2 g6 5.Nf3 Bg7 6.O-O Nge7 7.a3 O-O 8.d3 d6 
9.Rb1 a5 10.Ne1 Be6 11.Bg5 f6 12.Be3 Rb8 13.Nc2 b6 14.b4 cxb4 15.axb4 d5 
16.b5 Na7 17.d4 Qc7 18.Nxd5 Nxd5 19.Bxd5 Bxd5 20.cxd5 Rbc8 21.Na3 Qd6 22.
Qb3 exd4 23.Bxd4 Rfd8 24.e4 Re8 25.Nc4 Qc7 26.d6 Qxc4 27.d7 Qxb3 28.Rxb3 
Rcd8 29.dxe8=Q+ Rxe8 30.Rc1 Nc8 31.f3 f5 32.e5 a4 33.Rd3 Na7 34.Bxb6 Nxb5 
35.Rd5 Na3 36.Bc5 Bh6 37.Bxa3 Bxc1 38.Bxc1 Rb8 39.Kg2 Kf7 40.Ra5 Rb1 41.
Bg5 Rb2+ 42.Kh3 Ra2 43.Ra6 Re2 44.Bf4 h6 45.Bxh6 Rxe5 46.Rxa4 Re2 47.Ra6 
Rf2 48.f4 Re2 49.Bg5 Rd2 50.Ra7+ Ke6 51.Re7+ Kd6 52.Rg7 1-0

[Event "39th Pan-American U20"]
[Site "Asuncion PAR"]
[Date "2014.06.26"]
[Round "7.11"]
[White "Heinechen, Juan"]
[Black "Benitez Galeano, Alejandro"]
[Result "0-1"]
[WhiteElo "1767"]
[BlackElo "1654"]
[EventDate "2014.06.21"]
[PlyCount "106"]

1.e4 e5 2.Nf3 Nf6 3.d4 Nxe4 4.Bd3 d5 5.Nxe5 Bd6 6.O-O O-O 7.c4 c6 8.Nc3 
Nxc3 9.bxc3 Nd7 10.Nxd7 Qxd7 11.cxd5 cxd5 12.Qf3 Qc7 13.Kh1 Be6 14.Bd2 
Rad8 15.Rac1 a6 16.c4 dxc4 17.d5 Ba3 18.Rxc4 Qd7 19.Bxh7+ Kxh7 20.dxe6 
Qxd2 21.Qxa3 Qe2 22.Qh3+ Kg8 23.exf7+ Rxf7 24.Rcc1 Rxf2 25.Qb3+ Kh8 26.
Rxf2 Qxf2 27.Qxb7 Qxa2 28.h3 a5 29.Rc5 a4 30.Rg5 Qa1+ 31.Kh2 Qf6 32.Rh5+ 
Kg8 33.Qe4 Qd6+ 34.Qe5 Qxe5+ 35.Rxe5 Ra8 36.Re1 Kf7 37.Kg3 a3 38.Kf4 a2 
39.Ra1 Ke6 40.Kg5 Kd5 41.Kg6 Ra7 42.g4 Ke4 43.h4 Kf4 44.g5 Kg4 45.h5 Ra6+ 
46.Kxg7 Kxh5 47.g6 Rxg6+ 48.Kf7 Ra6 49.Ke7 Kg5 50.Kd7 Kf4 51.Kc7 Ke3 52.
Kb7 Ra3 53.Kb6 Kd3 0-1

[Event "39th Pan-American U20"]
[Site "Asuncion PAR"]
[Date "2014.06.27"]
[Round "8.1"]
[White "Vazquez, Guillermo"]
[Black "Henriquez Villagra, Cristobal"]
[Result "0-1"]
[WhiteElo "2330"]
[BlackElo "2459"]
[EventDate "2014.06.21"]
[PlyCount "106"]

1.e4 c5 2.Nc3 d6 3.g3 g6 4.Bg2 Bg7 5.d3 Nc6 6.Be3 e5 7.Nh3 Nge7 8.O-O O-O 
9.f4 exf4 10.Nxf4 Rb8 11.a3 b5 12.Rb1 a5 13.Qd2 Nd4 14.b4 cxb4 15.axb4 a4 
16.Qf2 Ndc6 17.Ncd5 Nxd5 18.Nxd5 Be6 19.Nf6+ Bxf6 20.Qxf6 Qxf6 21.Rxf6 Ne5
22.Bd4 Rfc8 23.Rf2 Rc7 24.Bf1 Rbc8 25.Rc1 a3 26.c3 a2 27.Ra1 Rxc3 28.Bxc3 
Rxc3 29.Rfxa2 Bxa2 30.Rxa2 Rb3 31.Be2 Rxb4 32.Kf2 Kf8 33.Ke3 Nc6 34.Ra6 
Nd4 35.Rxd6 Nxe2 36.Kxe2 Rb2+ 37.Kf3 Rxh2 38.Rb6 Rb2 39.Rb7 b4 40.d4 b3 
41.d5 Rb1 42.Kf4 f6 43.Kf3 b2 44.Kg2 Ke8 45.d6 Kd8 46.g4 h6 47.d7 h5 48.g5
fxg5 49.e5 Rc1 50.Rxb2 Kxd7 51.Rb6 Rc6 52.e6+ Rxe6 53.Rb5 g4 0-1

[Event "39th Pan-American U20"]
[Site "Asuncion PAR"]
[Date "2014.06.27"]
[Round "8.2"]
[White "Blandon Villa, Diego F"]
[Black "Diaz Rosas, Julio Cesar"]
[Result "0-1"]
[WhiteElo "2220"]
[BlackElo "2290"]
[EventDate "2014.06.21"]
[PlyCount "102"]

1.e4 c5 2.Nf3 Nc6 3.d4 cxd4 4.Nxd4 e5 5.Nb5 a6 6.Nd6+ Bxd6 7.Qxd6 Qf6 8.
Qxf6 Nxf6 9.f3 d5 10.exd5 Nxd5 11.c3 Bf5 12.Bc4 Nf4 13.Bxf4 exf4 14.Nd2 
O-O 15.O-O Rad8 16.Nb3 b5 17.Be2 Rfe8 18.Rfe1 Kf8 19.Bf1 Re5 20.Rxe5 Nxe5 
21.Re1 f6 22.Nd4 Bc8 23.Kf2 Kf7 24.Be2 Be6 25.Ra1 Bc4 26.g3 fxg3+ 27.hxg3 
Bxe2 28.Kxe2 Nc4 29.b3 Nb6 30.Kd3 Nd7 31.a4 bxa4 32.b4 Nb6 33.c4 h5 34.c5 
Nd5 35.Rxa4 g5 36.Kc4 Ne3+ 37.Kc3 Nd1+ 38.Kb3 Rxd4 39.Rxa6 Ne3 40.b5 Nd5 
41.b6 Rb4+ 42.Ka3 Rb1 43.Ra7+ Kg6 44.Rd7 Nxb6 45.cxb6 Rxb6 46.Rd4 Re6 47.
Rd3 h4 48.gxh4 gxh4 49.Kb4 Re8 50.Kc3 h3 51.Rd2 Rh8 0-1

[Event "39th Pan-American U20"]
[Site "Asuncion PAR"]
[Date "2014.06.27"]
[Round "8.3"]
[White "Leiva, Giuseppe"]
[Black "Cori Quispe, Kevin"]
[Result "1-0"]
[WhiteElo "2405"]
[BlackElo "2211"]
[EventDate "2014.06.21"]
[PlyCount "35"]

1.d4 Nf6 2.g3 g6 3.Bg2 d5 4.Nf3 Bg7 5.O-O O-O 6.c4 dxc4 7.Nc3 c6 8.a4 a5 
9.e4 Nfd7 10.Qe2 Nb6 11.h3 e5 12.dxe5 Qd3 13.Qe1 N6d7 14.Bf4 Nc5 15.Rd1 
Qc2 16.Nd4 Qxb2 17.Rb1 Qa3 18.Nc2 1-0

[Event "39th Pan-American U20"]
[Site "Asuncion PAR"]
[Date "2014.06.27"]
[Round "8.4"]
[White "Principe, Alexander"]
[Black "Squella Lavin, Carlos Felipe"]
[Result "1-0"]
[WhiteElo "2250"]
[BlackElo "2136"]
[EventDate "2014.06.21"]
[PlyCount "59"]

1.e4 e6 2.d4 d5 3.Nc3 Bb4 4.e5 c5 5.a3 Bxc3+ 6.bxc3 Qc7 7.Qg4 f5 8.Qg3 Nc6
9.Ne2 cxd4 10.cxd4 Nge7 11.c3 O-O 12.a4 Na5 13.Ba3 Nc4 14.Bxe7 Qxe7 15.Nf4
Bd7 16.Bxc4 dxc4 17.O-O Bc6 18.a5 b5 19.axb6 axb6 20.Rab1 b5 21.d5 exd5 
22.Rfe1 Ra3 23.Qe3 b4 24.Qb6 Ba8 25.cxb4 Re8 26.b5 Qh4 27.g3 Qg4 28.Qc7 d4
29.e6 Kh8 30.Qf7 1-0

[Event "39th Pan-American U20"]
[Site "Asuncion PAR"]
[Date "2014.06.27"]
[Round "8.5"]
[White "Arias, Daniel"]
[Black "Barros Rivadeneira, Cristhian"]
[Result "0-1"]
[WhiteElo "2196"]
[BlackElo "2323"]
[EventDate "2014.06.21"]
[PlyCount "78"]

1.e4 c5 2.Nf3 Nc6 3.d4 cxd4 4.Nxd4 g6 5.Nc3 Bg7 6.Be3 d6 7.Bc4 Nf6 8.Bb3 
O-O 9.h3 Bd7 10.O-O Rc8 11.Re1 Na5 12.Qd3 a6 13.Nd5 b5 14.Bg5 Nc4 15.Bxf6 
exf6 16.Bxc4 Rxc4 17.b3 Rc5 18.Qg3 Bc8 19.Rad1 f5 20.Nc3 Re8 21.Nde2 fxe4 
22.Rxd6 Qa5 23.b4 Qxb4 24.Rb1 Qa5 25.Nd5 Be6 26.Nb4 Be5 27.Rxa6 Qc7 28.Qe3
Rc4 29.a3 Rd8 30.Ra7 Qb8 31.Na6 Qd6 32.g4 Rxc2 33.Qxe4 Bh2+ 34.Kf1 Rd2 35.
Nc7 Bc4 36.Re1 Qc5 37.Qg2 R8d7 38.Ra8+ Kg7 39.Qxh2 Rxc7 0-1